00426cam a2200157ua 45000010005000000080039000050400009000440820013000531000031000662450053000972500009001502600038001593000017001976530024002146530030002383677111128n ii |||gr||||Z||||||asm cMAIN a891.45141 aKakoty, Dambaru,eEditor.,11aSahitya savskriti saurebhced. by Dambaru Kakoty a1st. aJorhat:bKrishna Kumar Misra,993. a306p:c23cm. aAssamese literature aSahitya savskriti saurebh